Determination of free sulphur in hard rubber (Record no. 56889)

MARC details
000 -LEADER
fixed length control field 00309nam a2200121Ia 4500
100 ## - MAIN ENTRY--AUTHOR NAME
Personal name Wynne-Evans C
245 #0 - TITLE STATEMENT
Title Determination of free sulphur in hard rubber
260 ## - PUBLICATION, DISTRIBUTION, ETC. (IMPRINT)
Name of publisher IRI Transactions
Year of publication 1955
300 ## - PHYSICAL DESCRIPTION
Number of Pages 126-132
650 ## - SUBJECT ADDED ENTRY--TOPICAL TERM
Topical Term Hard rubber
942 ## - ADDED ENTRY ELEMENTS (KOHA)
Koha item type Journals
Holdings
Withdrawn status Lost status Damaged status Not for loan Home library Current library Shelving location Date acquired Serial Enumeration / chronology Koha item type
      Journals RRII Library RRII Library Rubber chemistry 17/12/2021 Volume 31, Issue 4 Journals